• 首页
  • 本馆介绍
  • 公告通知
  • 最新文献
  • 馆藏检索
  • 电子资源
  • 读者导购
  • 参考咨询
  • 我的图书馆
  • 登录
  • 详细信息显示
  • 放入我的书架
  • 预约/预借图书
  • 作者相关作品
  • 分类相关作品
  • 丛书相关作品
  • 出版社相关作品

书目信息

  • 表格格式
  • 工作单格式
  • 卡片格式
题名:
中国哲学史大纲
    
 
作者: 胡适 著
分册:  
出版信息: 北京   团结出版社  2006
页数: 348页
开本: 23cm
丛书名: 民国珍本丛刊
单 册:
中图分类: B21
科图分类:
主题词: 哲学史--中国--古代 , 哲学史
电子资源:
ISBN: 7-80130-907-3
000 00757oam2 2200253 450
001 003086637
005 20061118082414.29
010    @a7-80130-907-3@dCNY48.00
100    @a20060104d2006 em y0chiy0110 ea
101 0  @achi
102    @aCN@b110000
105    @aa z 000yy
200 1  @a中国哲学史大纲@9zhong guo zhe xue shi da gang@f胡适著
210    @a北京@c团结出版社@d2006
215    @a348页@c图@d23cm
225 2  @a民国珍本丛刊
330    @a本书讲述了中国古代哲学史,内容包括老子、孔子、墨子、杨朱、庄子、荀子等哲学家的哲学思想。
461  0 @12001 @a民国珍本丛刊
606 0  @a哲学史@y中国@z古代
606 0  @a哲学史
690    @aB21@v4
701  0 @a胡适@9hu shi@f(1891.12~1962.2)@4著
801  0 @aCN@bNLC@c20061118
905    @a10447@dB21@e107
    
    中国哲学史大纲/胡适著.-北京:团结出版社,2006
    348页:图;23cm.-(民国珍本丛刊)
    
    
    ISBN 7-80130-907-3:CNY48.00
    本书讲述了中国古代哲学史,内容包括老子、孔子、墨子、杨朱、庄子、荀子等哲学家的哲学思想。
●
相关链接 在E读中查询图书 在五车中查询图书 在当当中查询图书 在豆瓣中查询图书


正题名:中国哲学史大纲     索取号:B21/107         预约/预借

序号 登录号 条形码 馆藏地/架位号 状态 备注
1 0392938   203929384   第一样本阅览室/ [索取号:B21/107] 在馆    
2 0392939   203929393   第一借阅区/ [索取号:B21/107] 在馆    
3 0392940   203929400   第一借阅区/ [索取号:B21/107] 在馆    
4 0392941   203929419   第一借阅区/ [索取号:B21/107] 在馆    
5 0392942   203929428   第一借阅区/ [索取号:B21/107] 在馆    
唐山师范学院图书馆 欢迎您!
大连网信软件有限公司© 版权所有